| 000 | 00627nam a2200217 a 4500 | ||
|---|---|---|---|
| 001 | 19854 | ||
| 003 | CO-ViMGA | ||
| 008 | 141112s2004 ck r 000 u spa d | ||
| 020 | _a8434230062 | ||
| 040 |
_aCO-ViMGA _bspa _cCO-ViMGA |
||
| 082 | 0 | 4 | _a616.849 E757i |
| 100 | 1 |
_aErnst, Edzard _928792 |
|
| 245 | 1 | 0 |
_aInsomnio : _bcómo mejorar su salud con la ayuda de las medicinas alternativas |
| 260 |
_aBarcelona : _bMens sanna, _c2000 |
||
| 300 | _a91 p. | ||
| 490 | _aSalud natural | ||
| 590 | _aForma de adquisición : Premio Mincultura | ||
| 650 | 1 | 4 | _aINSOMNIO |
| 650 | 1 | 4 |
_aSUEÑO - TRASTORNOS _928793 |
| 942 |
_2ddc _cBK |
||
| 999 |
_c28981 _d28981 |
||